[Event "Olympiad-38"]
[Site "Dresden"]
[Date "2008.11.21"]
[Round "8"]
[White "Shirov, Alexei"]
[Black "Rahman, Ziaur"]
[Result "1-0"]
[WhiteElo "2726"]
[BlackElo "2510"]
[Annotator "Kritz,L"]
[PlyCount "59"]
[EventDate "2008.11.13"]
[EventType "team-swiss"]
[EventRounds "11"]
[EventCountry "GER"]
[SourceTitle "CBM 128"]
[Source "ChessBase"]
[SourceDate "2009.01.28"]
[SourceVersion "1"]
[SourceVersionDate "2009.01.28"]
[SourceQuality "1"]
[WhiteTeam "Spain"]
[BlackTeam "Bangladesh"]
[WhiteTeamCountry "ESP"]
[BlackTeamCountry "BAN"]

1. e4 c5 2. Nf3 e6 3. d4 cxd4 4. Nxd4 Nc6 5. Nc3 Qc7 6. Be3 Nf6 7. f4 $1 {
Die beste Reaktion! Weiß will die "theoretische Ungenauigkeit" von Schwarz
sofort ausnutzen.} Bb4 (7... d6 8. Qf3 a6 9. O-O-O $14 {Weiß hat eine sehr
gute Stellung mit vielen Angriffsmöglichkeiten wie z.B. g4-g5-h4 usw.}) 8. Ndb5
(8. Qd3 {verspricht Weiß offensichtlich eher wenig.} d5 9. e5 Ne4 10. Be2 Bd7
11. O-O Nxd4 12. Bxd4 Bxc3 13. bxc3 Rc8 14. Rf3 Qa5 15. Qe3 g6 $13 {Berg - Von
Bahr (Stockholm, 2004)}) 8... Qa5 (8... Qd8 9. Nd6+ Ke7 10. e5 Nd5 11. Bd2 $14)
(8... Qb8 9. a3 Bxc3+ 10. Nxc3 $16) 9. e5 (9. Bd2 a6 10. e5 axb5 11. exf6 Bxc3
(11... gxf6 12. Nxb5 Bxd2+ 13. Qxd2 Qxd2+ 14. Kxd2 Ke7 15. c4 b6 $132 {Weiß
hat keinen Vorteil - die einzige schwarze Schwäche, der Bauer b6, ist nicht
anzugreifen.}) 12. bxc3 (12. Bxc3 b4 13. fxg7 Rg8 14. Bd4 Qd5 15. Be3 (15. c3
Qe4+ 16. Be2 Qxf4 17. g3 Qg5 $132 {Demnächst kommt ...Nxd4 und ...Qxg7}) 15...
Rxa2 16. Rxa2 Qxa2 17. Bb5 Qxb2 18. Bxc6 Qc3+ 19. Kf2 Qxc6 20. Bd4 b6 $132)
12... gxf6 13. Qg4 b4 $1 14. Qg7 Rf8 15. Qxf6 bxc3 16. Bxc3 Qc5 $1 $36 {
und Schwarz ergriff die Initiative in Ponomariov - Pelletier (Biel, 2004)})
9... Ne4 (9... Nd5 10. Bd2 Nxc3 11. bxc3 {Da der weiße König selbst noch im
Zentrum steckt, muss Weiß in erster Linie versuchen, Zeit zu gewinnen, um ihn
zu sichern und gleichzeitig die Initiative zu entwickeln. Der Bauernstruktur
spielt hierbei eine zweitrangige Rolle.} (11. Bxc3 O-O 12. Qd2 (12. a3 Bxc3+
13. Nxc3 Qb6 $15) 12... f6 13. Bxb4 Qxb4 14. Qxb4 Nxb4 15. Bd3 fxe5 16. fxe5
Nc6 $15) 11... Be7 (11... Bc5 $5 {Ist noch nicht ausprobiert worden.} 12. c4
Qb6 13. Rb1 $1 {Es scheint, dass Weiß eine sehr starke Initiative entwickelt.}
O-O (13... Bf2+ 14. Ke2 O-O 15. Nd6 Qc5 16. c3 $1 (16. Ne4 Qxc4+ 17. Kxf2 Qxe4
18. Bd3 Qa4 $13) 16... Bh4 17. Be3 $14) 14. Nd6 Qa6 15. Bd3 Qxa2 16. Ne4 Bd4 (
16... Be7 17. Bc3 Qa6 18. Nf6+ $1 Bxf6 19. exf6 g6 20. Qc1 $18 {/\f5-Qh6 oder
einfach h4-h5}) 17. Nf6+ $3 gxf6 18. Qg4+ Kh8 19. exf6 (19. Qh4 f5 20. Qf6+ Kg8
$11) 19... Rg8 (19... Bxf6 20. Qh5 Qxb1+ 21. Ke2 Nd4+ 22. Kf2 Nf5 23. Rxb1 $18)
20. Qh3 Rg7 21. fxg7+ Kxg7 22. c3 $18) 12. c4 Qd8 13. Bd3 $14 {Radjabov -
Grachev (Dagomys, 2008)}) 10. Bd3 $5 $146 {Dieser Zug ist neu in der
Turnierpraxis. Vielleicht wird es eine neue Richtung in der Variante sein.
Aber auch das altmodische 10.Qd3 gefällt mir gut aus weißer Sicht.} (10. Qd3 f5
(10... Nxc3 11. bxc3 Be7 (11... O-O $6 {ist ein interessanter, aber doch
widerlegbarer Versuch} 12. cxb4 Nxb4 13. Qd2 Nxc2+ 14. Kf2 Qxd2+ 15. Bxd2 Nxa1
16. Bd3 f6 17. exf6 Rxf6 18. Rxa1 $16 {Wegen der Schwäche der schwarzen Felder
ist die Stellung fast gewonnen für Weiß.}) 12. g3 O-O 13. Bg2 f6 14. exf6 Bxf6
15. O-O d5 16. Rfe1 $14 {Inarkiev - Vitiugov (Moscow, 2006). Die Doppelbauern
sind nicht so schwach wie der e6-Bauer. Weiß hat einen sicheren Vorteil.}) 11.
exf6 Nxf6 12. Be2 $1 {Man muss erst die eigene Entwicklung beenden und erst
dann sich an die Schwächen im schwarzen Lager ranmachen.} (12. Nd6+ Bxd6 13.
Qxd6 Ne4 $1 14. Qd3 Nxc3 15. Bd2 O-O 16. bxc3 (16. Bxc3 Qa4 $1 17. g3 $2 Nb4 $1
$15) 16... e5 $132 {Kulaots - Nisipeanu (Turin, 2006)}) 12... O-O (12... Nd5
13. Bd2 Bxc3 14. bxc3 $1 (14. Nxc3 $4 Ncb4 15. Qe4 Nf6 $17) 14... O-O 15. O-O
a6 16. Nd4 $14) 13. O-O d5 14. a3 Be7 15. Rf3 $14 {Eine für Weiß sehr gute
Version der Französischen Verteidigung ist auf dem Brett, wo die Schwache e6
und der schwache schwarze König den weißen Vorteil deutlich machen.}) 10... f5
(10... Nxc3 11. bxc3 Bxc3+ (11... Be7 12. O-O O-O 13. Qh5 g6 14. Qh6 $16) 12.
Kf2 $1 (12. Nxc3 Qxc3+ {Das Annehmen des Bauernopfers ist die prinzipiellste
Fortsetzung.} 13. Kf2 (13. Bd2 Qd4 $15) 13... O-O $13 {Die Kompensation
scheint ungenügend zu sein. Wie man Shirov kennt, hat er bestimmt den
Qualitätsopfer im Sinne gehabt!}) 12... Bxa1 13. Nd6+ Ke7 14. Qxa1 (14. Qh5 $5
Nxe5 15. fxe5 Qxe5 16. Qxf7+ Kd8 (16... Kxd6 17. Bf4 $18) 17. Rxa1 Qxd6 18. Kg1
$44) 14... b6 15. Rd1 Ba6 16. Be4 $44 {Die weiße Initiative ist sehr
gefährlich.}) 11. O-O Nxc3 12. bxc3 Be7 (12... Bxc3 13. Qh5+ g6 14. Nd6+ $18)
13. Qh5+ g6 14. Qh6 $16 {Ohne Zweifel ist Weiß nahe dran, die Partie schnell
zu beenden. Schwarz liegt mit seiner Entwicklung zurück, dazu machen sich die
schwachen schwarzen Felder sehr bemerkbar.} Bf8 (14... a6 15. Qg7 Rf8 16. Nd6+
Bxd6 17. exd6 $18) 15. Nd6+ $6 {Ist meiner Meinung nach nicht das Beste.} (15.
Qh4 $5 {Dies bringt Weiß klaren Vorteil.} Be7 16. Qf2 O-O 17. a4 $18 {Man
setzt den Gegner zwar nicht sofort Matt, hat aber eine strategisch absolut
gewonnene Stellung.}) 15... Bxd6 16. exd6 Qxc3 17. Rfe1 b6 $6 {Gibt Weiß die
Möglichkeit, seine Figuren alle ins Spiel zu bringen.} (17... Kf7 $5 18. Rab1
Qg7 19. Qxg7+ Kxg7 20. Bd2 Rg8 21. Bc3+ Kf7 $13 {Das sind die Folgen der
zweifelhaften Entscheidung im 15. Zug.}) 18. Bb5 Bb7 19. Qg5 $1 {Es ist sehr
wichtig, dem Gegner die lange Rochade zu unterbinden! Auf der kurzen Seite
wird der schwarze König sich viel schlechter fühlen.} O-O (19... Qg7 $5 20.
Rad1 O-O (20... h6 21. Qg3 O-O 22. Bxc6 Bxc6 23. Bd4 Qf7 24. Rd3 Kh7 25. Qh4
$14 {/\Qxh6!}) 21. Bxc6 Bxc6 22. Bd4 Qf7 23. Rd3 $44) 20. Rad1 {Weiß hat
offensichtlich ausgezeichnete Kompensation.} Rf7 21. h4 a6 (21... Qxc2 {
Das Einsammeln der Bauern bringt wenig, wenn man Matt gesetzt wird.} 22. h5 Rg7
23. Bxc6 Bxc6 24. Bd4 $16) 22. Bxc6 Qxc6 23. Bd4 Qxd6 {Verliert forciert.} (
23... Qxc2 24. h5 Rg7 25. Bxg7 Kxg7 26. Rc1 $16) 24. h5 $1 {Schwarz ist
hilflos, der weiße Angriff läuft wie am Schnürchen.} Qe7 (24... Qc6 25. hxg6
hxg6 26. Qxg6+ Kf8 27. Be5 Ke8 28. Re3 Qxc2 29. Rxd7 Qxg2+ 30. Qxg2 Bxg2 31.
Rxf7 Kxf7 32. Kxg2 $18) 25. hxg6 hxg6 (25... Qxg5 26. gxf7+ $18) 26. Qxg6+ Kf8
27. Be5 Qc5+ 28. Kh2 Bd5 (28... d5 29. Bd4 Qc6 30. Rxe6 $18) 29. c4 d6 (29...
Qxc4 30. Bd6+ $18) 30. Rxd5 1-0

[Event "Tilburg Fontys"]
[Site "Tilburg"]
[Date "1997.10.03"]
[Round "6"]
[White "Van Wely, Loek"]
[Black "Lautier, Joel"]
[Result "1/2-1/2"]
[WhiteElo "2655"]
[BlackElo "2660"]
[Annotator "Lautier,J"]
[PlyCount "63"]
[EventDate "1997.09.27"]
[EventType "tourn"]
[EventRounds "11"]
[EventCountry "NED"]
[EventCategory "17"]
[SourceTitle "CBM 061"]
[Source "ChessBase"]
[SourceDate "1997.11.23"]
[SourceVersion "1"]
[SourceVersionDate "1997.11.23"]
[SourceQuality "1"]

1. e4 c5 2. Nf3 e6 3. d4 cxd4 4. Nxd4 Nc6 5. Nc3 Qc7 6. Be3 a6 7. f3 {Not the
hottest theoretical line, but one that still presents Black with a few
problems to solve. Needless to say, none of Loek or me had foreseen this
position before the game: I was out of my pre-game preparation after move 1 (I
of course expected 1.d4) and Loek after move 4 !} b5 8. Qd2 Nxd4 9. Bxd4 Ne7 {
[%cal Yg8e7,Ye7c6] The typical "Taimanov" development, but I am not so
convinced now of its effectiveness in this particular case.} 10. O-O-O Nc6 11.
Be3 Bb4 12. h4 (12. a3 Be7 $132 {/\ Rb8, b4} 13. Nd5 $2 exd5 14. exd5 Na5 $19)
12... Ne5 13. h5 h6 14. Qd4 $6 (14. Kb1 {/\ Nb5} Bxc3 15. Qxc3 Qxc3 16. bxc3
Bb7 $11) (14. Bd4 {would have been a more serious test for Black} O-O (14... f6
15. Kb1 $13) 15. Kb1 {[%csl Rb4][%cal Rc3b5] /\ Nb5} Ba5 $5 $13 {[%cal Gb5b4,
Gb4b3] seems interesting, removing the Nxb5 threat and freeing the way for the
b-P.} (15... Bc5 $6 16. Bxc5 Qxc5 17. Qd6 $1 Qxd6 18. Rxd6 Rd8 19. Be2 Kf8 20.
Rhd1 Ke7 21. f4 Nc6 22. e5 $16) (15... Nc6 16. Be3 {[%csl Rh6][%cal Gg2g4,
Gg4g5] /\ g4-g5}) (15... Nc4 16. Bxc4 Qxc4 17. g4 $14)) 14... Bxc3 15. bxc3 f6
(15... Bb7 $5 {took me a while to calculate and was definitely worth a try.}
16. f4 (16. Rh4 f6 17. f4 Nc6 18. Qd6 {see the game}) 16... Ng4 17. Qxg7 (17.
Bd2 $6 e5 18. fxe5 Nxe5 $15) 17... Nxe3 18. Qxh8+ Ke7 19. Qxh6 Rg8 $1 {The key
move which I spotted during my calculations, after which I couldn't see more
than a draw for White. However, I decided that the whole variation looked
highly "unprofessionnal" and dropped it altogether.} 20. e5 (20. Z0 Ng4 21. Qh7
Qxf4+ 22. Kb1 Nf6 $19) (20. f5 $2 Qxc3 21. f6+ Kd8 22. Bd3 Rxg2 23. Qxe3 Qa1#)
20... Qxc3 21. Bd3 Rxg2 22. Qf6+ Ke8 23. Qh8+ Ke7 $11 {would have been a nice
conclusion to the game.}) 16. Rh4 {An idea Loek was very fond of and kept
employing in every possible variation during the post-mortem. In fact, I can't
see that it sets Black any real problems, as g7 is not difficult to defend and
the white rook ends up being misplaced.} (16. f4 $6 Ng4) (16. Be2 Bb7 17. f4
Nc6 18. Qd6 Qxd6 19. Rxd6 Ne7 20. Bf3 $11) 16... Bb7 17. f4 Nc6 18. Qd6 (18.
Qd3 $6 Ne7 19. Rg4 Rg8 $15 {[%csl Re4,Rg4][%cal Ga8c8,Rb7e4,Rf6f5] /\ Rc8, Be4!
}) 18... Qxd6 19. Rxd6 Ne7 20. Bd3 Rc8 21. Kd2 Rc7 $1 {[%cal Ge7c8,Gc8b6] /\
Nc8-b6} 22. Bb6 Rc6 23. Rxc6 Bxc6 24. g4 $6 {/\ Be3, g5} (24. Bc5 $1 {[%csl
Yd6] It was important to keep a grip on the black squares by preventing ...
d7-d6.} Kf7 25. Rh1 $13) 24... d6 $1 {[%csl Re4,Rg4,Rh5][%cal Ge6e5] /\ e5
Black is gradually improving his chances. White must now be careful not to be
left with mere weak pawns.} (24... g5 {was tempting but unnecessarily risky,
as White gets an important passed P after} 25. fxg5 hxg5 26. Rh2 Ng8 27. Ke3 (
27. Rf2 Nh6 28. Rxf6 Nxg4 $15) 27... Nh6 28. Be2 $13 {/\ Rf2}) 25. c4 Kd7 26.
cxb5 axb5 27. Be3 $1 {The right idea. Should White manage to implement the
g5-push, he can claim an edge.} e5 (27... Ra8 $6 28. g5 fxg5 (28... Rxa2 29.
gxh6 gxh6 30. f5 $36) 29. fxg5 hxg5 30. Rg4 $36 {[%csl Rg5,Rg7,Gh5]}) 28. fxe5
dxe5 29. Rh1 (29. Bc5 Ra8 30. a3 $11) 29... Nc8 {[%csl Re4][%cal Gc8d6]} (29...
Ra8 30. Rb1 Nc8 (30... Rxa2 31. Bxb5 Bxb5 32. Rxb5 $11) 31. Bxb5 Bxb5 32. Rxb5
Nd6 33. Rb4 Rxa2 34. Bc5 $11) 30. Bc5 Nd6 31. Ke3 Kc7 (31... Ra8 $2 32. Rd1 $16
{[%csl Rd6,Rd7][%cal Gd1d6]}) 32. Rb1 {White offered a draw. He has
successfully neutralized Black's slight initative.} (32. Rb1 Ra8 33. a3 $11)
1/2-1/2

[Event "Amsterdam Euwe Memorial"]
[Site "Amsterdam"]
[Date "1995.05.16"]
[Round "4"]
[White "Kasparov, Garry"]
[Black "Lautier, Joel"]
[Result "0-1"]
[WhiteElo "2805"]
[BlackElo "2655"]
[Annotator "Lautier,J"]
[PlyCount "62"]
[EventDate "1995.05.12"]
[EventType "tourn"]
[EventRounds "6"]
[EventCountry "NED"]
[EventCategory "18"]
[SourceTitle "CBM 047"]
[Source "ChessBase"]
[SourceDate "1995.08.01"]
[SourceVersion "1"]
[SourceVersionDate "1995.08.01"]
[SourceQuality "1"]

1. e4 {Knaak Ftacnik Kasparov} c5 2. Nf3 e6 3. d4 cxd4 4. Nxd4 Nc6 5. Nc3 Qc7
6. Be3 a6 7. Bd3 Nf6 8. O-O Ne5 9. h3 Bc5 10. Kh1 d6 11. f4 Ned7 12. a3 b5 13.
Bxb5 $5 axb5 14. Ndxb5 Qb6 $6 (14... Qc6 15. Bxc5 dxc5 16. e5 Ba6 17. a4 (17.
Nd6+ $5 Ke7 18. Rf2 (18. exf6+ $2 Nxf6 $19) (18. Re1 $2 Rhd8 19. exf6+ Nxf6 20.
Nf5+ Kf8 $19) 18... Rhd8 19. Rd2 $44) 17... Nd5 (17... Bxb5 $2 18. axb5 $18)
18. Nxd5 exd5 19. Nd6+ Ke7 (19... Kf8 $6 20. Qh5 g6 21. Qh6+ Ke7 (21... Kg8 22.
Nf5 $18) 22. Rfe1 Raf8 23. Qg7 $40 {/\ Nf7}) 20. Re1 (20. Qh5 $2 Bxf1 21. Qxf7+
(21. Qg5+ $2 Kf8 22. Nf5 Qg6 $1 $19) 21... Kd8 22. Rxf1 Kc7 $17) 20... h5 21.
Qf3 $44 {/\ c4}) 15. Bxc5 dxc5 16. Nd6+ $6 (16. e5 Ba6 (16... Ng8 $2 17. Nd5 $1
exd5 18. Nd6+ Ke7 19. Qxd5 $18) 17. a4 $1 Bxb5 (17... Nd5 {Ftacnik} 18. Nd6+
Ke7 19. Nxd5+ exd5 20. Qh5 {/\ 21.Nf5} (20. Qxd5 {/\ 21.Nf5}) 20... Bxf1 21.
Qxf7+ Kd8 22. Qxd5 $13) 18. Nxb5 Nd5 (18... Ne4 $2 19. Qf3 f5 20. exf6 Ndxf6
21. Nc3 $1 {Kasparov} Qb4 (21... Qb7 22. Rae1 Nd6 23. Rxe6+ Kd7 24. Rxd6+ $18)
22. Rfe1 $16 (22. Rfe1 O-O 23. Nxe4 $18)) 19. Nd6+ (19. c4 {Knaak} Ne7 20. Nd6+
Kf8 21. Qh5 g6 (21... Ng6 22. f5 Ngxe5 23. fxe6 Qxd6 24. exd7 $36) 22. Qh6+ Kg8
23. Rad1 $40) 19... Ke7 20. Qh5 g6 (20... Raf8 $2 21. Qg5+ $16) 21. Qh4+ (21.
Qh6 $6 Ne3 $1 {/\ Nf5}) 21... Kf8 (21... f6 $2 22. Qh6 Rag8 23. Nc8+ $1 Rxc8
24. Qg7+ $18) 22. Qh6+ Ke7 23. Qg7 Raf8 (23... Rhf8 24. Qxh7 $40) 24. Nxf7 Rxf7
25. Qxh8 Nxf4 26. Rf3 $14 {/\ Raf1, g3, /\ a5}) 16... Ke7 17. Nxc8+ $2 (17. e5
Ba6 (17... Ne8 18. Nc4 Qa6 19. b3 {/\ f5}) 18. Rf2 (18. exf6+ $2 Nxf6 19. Nde4
Rhd8 20. Qf3 Nxe4 21. Nxe4 Bxf1 22. Rxf1 Qxb2 $19) (18. Re1 $2 Rhd8 19. exf6+
Nxf6 20. Nf5+ Kf8 $19) (18. Rf3 $5 {Knaak} Rhd8 $1 19. Qe1 Kf8 20. exf6 Qxd6
21. fxg7+ Kxg7 22. Ne4 $13) 18... Rhd8 19. Rd2 Qxb2 $5 20. Na4 Qb8 21. Qe1 (21.
exf6+ Nxf6 22. Rb1 Qc7 23. Rb6 $17) 21... Kf8 (21... Ne8 $2 22. Qh4+ $40) 22.
exf6 Nxf6 $15) 17... Rhxc8 18. e5 Ne8 $17 19. Qh5 (19. f5 $2 {Knaak} Nxe5 20.
fxe6 Qxe6 $1) (19. b3 $5 $13 {[%csl Rd7,Re8] Knaak}) 19... h6 (19... Qxb2 $5
20. Ne4 (20. Qh4+ $1 {Knaak} f6 21. Ne4 Qxc2 22. Rae1 $40) (20. f5 Qxc3 21.
fxe6 Nxe5 22. Rxf7+ (22. Rae1 g6 23. exf7 gxh5 24. f8=Q+ Kd7 25. Qf5+ Kd6 $13)
22... Kxe6 (22... Nxf7 23. Qxf7+ Kd6 24. Rd1+) 23. Qf5+ Kd6 24. Rd1+ Kc6 25.
Qe6+ Kb5 26. Rb1+ Ka4 $13 27. Rf4+ c4 28. Qe7 Rc7 29. Qf8 Rac8 30. Rb4+ Ka5) (
20. Rad1 $6 Qxc3 21. Rxd7+ Kxd7 22. Qxf7+ Kc6 23. Qxe6+ Kc7 $1 24. Qf7+ (24.
Rb1 Rd8 $19) 24... Kb6 $19) 20... h6 $17) 20. Rae1 (20. f5 $2 Nxe5 21. fxe6
Qxe6 22. Rae1 f6 $19) 20... f5 $1 (20... Qxb2 $2 21. f5 $1 Qxc3 22. fxe6 fxe6
23. Rf7+ Kd8 24. Rd1 (24. Rxd7+ $2 Kxd7 25. Qf7+ Kc6 26. Qxe6+ Kc7 27. Qe7+ (
27. Rf1 Qb2 $1 $19) 27... Kb6 $1 28. Rb1+ Ka5 $19) 24... Ra7 25. Rf8 $40 (25.
Qh4+ {Knaak} g5 26. Qxh6 Qxe5 27. Qf8 Qe1+ 28. Rxe1 Nxf8 29. Rxa7 $16)) 21. Rf3
(21. exf6+ Ndxf6 (21... Nexf6 {Ftacnik} 22. Qg6 Kf8 $19) 22. Qg6 Kf8 $19) 21...
c4 $6 (21... Qxb2 $142 $19) (21... Qc6 {Ftacnik} 22. Rd1 c4 $19) (21... Qxb2 {
Knaak} 22. Rd1 Nf8 $17) 22. g4 $1 $8 (22. Rg3 Qf2 $19) 22... fxg4 23. Qxg4 {
/\ f5} (23. hxg4 Qc6 24. Ree3 (24. g5 $2 g6 $19) (24. Ne4 $2 Nc5 $19) 24...
Rcb8 $17) 23... Ra5 $1 {>< e5} (23... Qxb2 $2 {Knaak} 24. f5) 24. Ne4 Qc6 $6 {
[%cal Gc6h1]} (24... Qxb2 $1 25. Nd6 Nxd6 26. exd6+ Kxd6 (26... Kf8 $2 27. f5
$1 $40) 27. Qxe6+ Kc7 28. Rd1 (28. Qxc4+ Rc5 $17) 28... Nb6 $17) 25. Nd6 $1 {
[%csl Gd6,Ge8,Gg7]} Nxd6 26. exd6+ (26. Qxg7+ {Ftacnik} Nf7 $19) 26... Kf8 (
26... Qxd6 27. Qxg7+ Kd8 28. Qxh6 $15) 27. Rg1 $2 $138 (27. Rxe6 Re8 (27... Nf6
$4 28. d7 $1 Qxd7 29. Rxf6+ $18) (27... h5 28. Qg2 $15 {/\ Re7}) 28. Re7 (28.
Rxe8+ {Ftacnik} Kxe8 29. Qe6+ (29. Kh2 {Knaak} Qxd6 30. Qxg7 {=/=/+}) 29... Kf8
$17 (29... Kf8 30. Kg2 Ra6 $17)) 28... Rxe7 29. dxe7+ Kxe7 30. Qxg7+ Kd8 $15)
27... g5 $1 $19 28. Rgg3 (28. fxg5+ Rf5 29. Rgg3 Ne5 30. Qh5 Rxf3 31. Qxh6+ Kg8
32. Qxe6+ Rf7+ $19) (28. Qh5 Nf6 29. Qxh6+ Kf7 30. Rgg3 Rf5 $19) 28... Rf5 29.
Qh5 Nf6 30. Qxh6+ Kf7 31. Kg1 Rg8 (31... Rg8 {Ftacnik} 32. Re3 Rg6 33. Qh8 Qxd6
$19) 0-1

[Event "Olympiad-32"]
[Site "Yerevan"]
[Date "1996.10.01"]
[Round "14.2"]
[White "Prie, Eric"]
[Black "Miladinovic, Igor"]
[Result "0-1"]
[WhiteElo "2480"]
[BlackElo "2535"]
[Annotator "Lempert,I"]
[PlyCount "58"]
[EventDate "1996.09.15"]
[EventType "team-swiss"]
[EventRounds "14"]
[EventCountry "ARM"]
[SourceTitle "CBM 055"]
[Source "ChessBase"]
[SourceDate "1996.12.01"]
[SourceVersion "1"]
[SourceVersionDate "1996.12.01"]
[SourceQuality "1"]
[WhiteTeam "France"]
[BlackTeam "Greece"]
[WhiteTeamCountry "FRA"]
[BlackTeamCountry "GRE"]

1. e4 c5 2. Nf3 Nc6 3. d4 cxd4 4. Nxd4 Qc7 5. Nc3 e6 6. Be3 a6 7. Bd3 Nf6 8.
O-O h5 9. h3 Bd6 $5 (9... b5 10. a3 (10. Nxc6 Qxc6 11. a3 Bb7 12. Re1 Bd6 13.
Bd4 e5 14. Be3 $16 {Topalov,V-Miladinovic,I/Burgas/1995/}) 10... Bb7 11. Qe1
Rc8 12. f4 Nxd4 13. Bxd4 Bc5 14. Bxc5 Qxc5+ 15. Kh1 d6 16. Qh4 $14 {Mainka,
R-Miladinovic,I/GRE/1995/}) (9... Nxd4 10. Bxd4 Bc5 11. Bxc5 Qxc5 12. Qf3 d6
13. Qg3 g5 14. Na4 Qa5 15. b3 Ke7 16. f4 $36 {Golubev,M-Zvjagincev,V/Loosdorf/
1993/}) 10. Re1 (10. Kh1 Ng4 $1) (10. Qe2 b5 11. Nxc6 dxc6 12. f4 e5 13. f5 Bb7
$13) (10. f4 Bc5 11. Nce2 d6 $132) 10... Bh2+ 11. Kh1 Nxd4 12. Bxd4 Be5 13.
Bxe5 Qxe5 14. Qd2 g5 15. Nd5 (15. f4 $5 gxf4 (15... Qxf4 16. Qxf4 gxf4 17. e5
Ng8 18. Rf1 f6 19. exf6 Nxf6 20. Rxf4 $16) 16. Rf1 h4 (16... d6 17. Rxf4 $16)
17. Rxf4 Nh5 18. Rf2 Ng3+ 19. Kg1 b5 $13) 15... Nxd5 $8 16. exd5 Qf6 $1 (16...
Qxd5 17. Qc3 Rf8 (17... Rg8 18. Bh7) 18. Re5 $16) 17. Rad1 (17. g3 b5) 17... g4
18. Re3 gxh3 19. gxh3 $6 (19. Rxh3 $142) 19... d6 20. dxe6 $6 (20. f4 $5) 20...
Bxe6 21. Be4 O-O-O 22. Qb4 (22. Qc3+ Qxc3 23. Rxc3+ $14) 22... d5 23. Rb3 Rd7
24. Bxd5 $4 (24. Qc3+ Qxc3 25. Rxc3+ Kb8 26. Bg2 $10) 24... Kb8 $1 $19 25. Rdd3
Bxd5+ 26. Rxd5 Rg8 $1 27. Rxd7 Qc6+ 28. f3 Qxd7 29. Kh2 Ka8 0-1

[Event "Capablanca Memorial Elite 47th"]
[Site "Havana"]
[Date "2012.05.06"]
[Round "3"]
[White "Dominguez Perez, Leinier"]
[Black "Potkin, Vladimir"]
[Result "1-0"]
[WhiteElo "2725"]
[BlackElo "2642"]
[Annotator "Let's Check"]
[PlyCount "81"]
[EventDate "2012.05.03"]
[EventType "tourn"]
[EventRounds "10"]
[EventCountry "CUB"]
[EventCategory "18"]
[SourceTitle "CBM 149"]
[Source "ChessBase"]
[SourceDate "2012.07.17"]
[SourceVersion "1"]
[SourceVersionDate "2012.07.17"]
[SourceQuality "1"]

1. e4 c5 2. Nf3 e6 3. d4 cxd4 4. Nxd4 Nc6 5. Nc3 Qc7 6. Be3 a6 7. Qd2 Nf6 8.
O-O-O Be7 9. f3 b5 10. g4 Bb7 11. g5 Nxd4 12. Bxd4 Nh5 13. Bd3 O-O 14. Ne2 e5
15. Be3 g6 16. Ng3 Nf4 17. h4 Rac8 18. Bxf4 exf4 19. Ne2 d5 20. Qxf4 Bd6 21. e5
Bxe5 22. Qd2 Bg7 23. f4 Rfe8 24. Kb1 Re4 $2 (24... d4 25. Rh2 Re3 $15) 25. Bxe4
$16 dxe4 26. Rh3 b4 27. h5 a5 28. h6 Bf8 29. c3 Ba6 30. Re3 Qb7 31. Qd5 Qb6 32.
Qd4 $6 (32. Qxe4 Bc4 33. b3 $18) 32... Qb8 $6 (32... Qxd4 33. Nxd4 Bd3+ $16)
33. Rxe4 $18 Re8 34. Rxe8 Qxe8 35. Ng3 Bb7 36. cxb4 axb4 37. Qe5 Qa8 38. Re1 b3
39. axb3 Ba6 40. Qc3 Qd5 41. Re8 1-0

[Event "Gibraltar Masters 10th"]
[Site "Caleta"]
[Date "2012.01.30"]
[Round "7"]
[White "Almasi, Zoltan"]
[Black "David, Alberto"]
[Result "1-0"]
[WhiteElo "2717"]
[BlackElo "2598"]
[Annotator "Let's Check"]
[PlyCount "77"]
[EventDate "2012.01.24"]
[EventType "swiss"]
[EventRounds "10"]
[EventCountry "GGB"]
[SourceTitle "CBM 147"]
[Source "ChessBase"]
[SourceDate "2012.03.16"]
[SourceVersion "1"]
[SourceVersionDate "2012.03.16"]
[SourceQuality "1"]

1. e4 c5 2. Nf3 e6 3. d4 cxd4 4. Nxd4 Nc6 5. Nc3 Qc7 6. Be3 a6 7. Qd2 Nf6 8.
O-O-O Bb4 9. f3 Ne5 10. Nb3 b5 11. Qe1 Rb8 12. Qg3 O-O 13. Bd4 Bd6 14. Qf2 Be7
15. g4 d6 16. g5 Nfd7 17. f4 Nc4 18. Rg1 b4 19. Rd3 bxc3 20. Rxc3 d5 21. exd5
exd5 22. Rh3 Nc5 $2 (22... Re8 23. Bd3 Nf8 $19) 23. Rxh7 $18 Kxh7 24. Qh4+ Kg6
25. Be2 $2 (25. Nxc5 Bf5 26. Bd3 $18) 25... Rh8 $11 26. Qxh8 Nxb3+ 27. axb3
Qxf4+ 28. Kb1 Nd2+ $2 (28... Qxd4 29. Qh5+ Kf5 $11) 29. Ka2 $18 Qxd4 30. Qh5+
Kf5 31. Qxf7+ Bf6 32. gxf6 g5 33. Qh7+ $2 (33. Bd3+ Kf4 34. Qc7+ $18) 33... Kf4
$11 34. Rd1 Ke3 $2 (34... Qb6 35. Rxd2 Qa5+ $11) 35. Bd3 (35. Bh5 Kf4 36. Qc7+
$18) 35... Qb4 36. Re1+ Kf3 37. Qc7 Qh4 38. f7 Bf5 39. Rf1+ $5 1-0